00389nam a22001337a 450000500170000000800410001702000180005804000080007608200130008410000190009724500450011626000330016130000610019420230207143611.0230207b sa ||||| |||| 00| 0 eng d a9781407811109 crda aEJF MEAD aMeadows, Daisy aCoco the cupcake fairycby Daisy Meadows aLondonbOrchards booksc2013 a80 pagesbPaperback; Black and white illustrationsc19cm